=LDR 00000nam 2200000 4500 =001 INLIS000000000026879 =005 20130612125310 =008 ***********************************ind** =035 ##$$0010-061300000026879 =041 ##$$a ind =082 ##$$a 510.07 =090 ##$$a 510.07, SIS m =100 ##$$a Siswanto =245 ##$$a Matematika inovatif, konsep dan aplikasinya untuk kelas XI SMA dan MA, Program studi ilmu sosial dan bahasa, Siswanto; editor, Suwardi =260 ##$$a 2005 $b Solo =300 ##$$a ...jil, ilus., 28 cm =650 ##$$a Matematika =650 ##$$a Studi dan Pengajaran =700 ##$$a Suwardi =850 ##$$a NBPNMAT